000 00498nam a22001817a 4500
005 20130910110933.0
010 _aENG-108420
020 _a9788120338166
_c275.00
035 _aEN-91953
037 _bDBAD/PUB
100 _aSomashekara, M. T.
245 _aProblem sloving with C /
_cby M.T. Somashekara
260 _aNew Delhi
_bPHI Learning
_c2009
270 _aM-97, Connaught Circus
_bNew Delhi
_e110001
300 _axiii,475p.
_c24cm(pbk)
500 _aIncludes index
942 _2ddc
_cEN
_mSOM
999 _c79223
_d79223